Statistics for Europe: True or False?

Click here to take the quiz!

General Stats

  • This quiz has been taken 230 times
    (225 since last reset)
  • The average score is 11 of 16

Answer Stats

QuestionAnswer% Correct
Part of Turkey is in EuropeTrue
87%
Crete is a Greek islandTrue
76%
The smallest country in Europe by land area is San Marino.False
75%
There are a total of 2 countries in the Benelux region of Europe.False
72%
Moldova is further north than Poland.False
71%
Estonia is part of the Scandinavia region of Europe.False
70%
The sea which separates Europe from Africa is the Black Sea.False
70%
Europe is the world's second-smallest continent by surface area.True
69%
The Pyrenees mountain range serves as a natural land border between Europe and Asia.False
68%
Europe is part of the Afro-Eurasia supercontinent.True
65%
Christopher Columbus was Portuguese.False
60%
Germany has the highest GDP than any other country in EuropeTrue
60%
The renaissance took place in Europe during the 19th Century.False
58%
There are a total of 3 complete island nations in Europe.False
56%
France is the largest country fully in Europe.False
56%
There are four countries in Europe beginning with the Letter M.True
49%

Score Distribution

Percentile by Number Answered

Percent of People with Each Score

Your Score History

You have not taken this quiz since the last reset